| 000 | 01271nam2a2200241 4500 | ||
|---|---|---|---|
| 001 | rc\2960625 | ||
| 005 | 20260315061006.0 | ||
| 035 | _a(NLR Aleph) 007107327 | ||
| 090 |
_a13604889 _c13604889 |
||
| 100 | _a20260315 rusy50 | ||
| 101 | 0 | _arus | |
| 102 | _aRU | ||
| 105 | _aa z ||||| | ||
| 200 | 1 | _aМозг и душа | |
| 210 | _d1927-1928 | ||
| 215 |
_a23 с. _cил. |
||
| 461 | 0 |
_1001rc\2866975 _12001#$aЗаочная школа 1-й ступени для взрослых$eЕстествознание$e(Живая природа)$eВведение$fПод ред. Н.В. Кириловой$gГлавполитпросвет. Бюро заочного обучения$vУрок № 9 _95906116 _aЦентральный общеобразовательный институт заочного обучения (Москва) _cМосква _d1927-1928 _fПод ред. Н.В. Кириловой _nГлавполитпросвет _oЕстествознание : (Живая природа) : Введение _tЗаочная школа 1-й ступени для взрослых _vУрок № 9 |
|
| 700 | 1 | _aВоронцовская | |
| 801 | 0 |
_aRU _bNLR _gpsbo |
|
| 801 | 1 |
_aRU _bELAR _2rusmarc |
|
| 852 |
_aNLR _j37/3630 |
||
| 942 | _cUNSPEC | ||
| 980 | _aNB | ||